000 00744nam a2200289Ia 4500
005 20260324134047.0
008 008 260324s9999 xx 000 0 eng d
020 _a9781351281881
037 _aEBOOK
040 _aCRL
040 _beng
040 _cCRL
041 _2eng
041 _aeng
084 _qCRL
100 _aJörg Andriof; Sandra Waddock; Bryan Husted; Sandra Sutherland Rahman
_91192875
245 0 _aUnfolding Stakeholder Thinking
245 0 _bTheory, Responsibility and Engagement
260 _bTaylor and Francis
260 _c2002
365 _a
365 _b99.99
856 _uhttp://www.taylorfrancis.com/books/9781351281881
942 _cEBOOK
999 _c1795092
_d1795092